| 000 | 00000nam##2200000za#4500 |
| 001 | 9.577604 |
| 003 | CaOODSP |
| 005 | 20210624185706 |
| 007 | cr ||||||||||| |
| 008 | 150406|2006||||xxc|||||o f|0| 0 eng|d |
| 040 | |aCaOODSP|beng |
| 043 | |an-cn--- |
| 086 | 1 |aTU3-8/06-0061E-PDF |
| 110 | 2 |aTransportation Safety Board of Canada. |
| 245 | 10|aIn-line tool occurrence - Enbridge Pipelines (Westspur) Inc., 323.9-millimetre outside diameter pipeline receiving trap at Cromer Terminal near Cromer, Manitoba, 23 November 2006 |h[electronic resource] |
| 260 | |bTransportation Safety Board of Canada |c[2007]. |
| 300 | |a9p.|bfig. |
| 490 | 1 |aPipeline investigation report |vP06H0061 |
| 590 | |a13-22-Supp|b2013-09-26 |
| 775 | 08|tAccident impliquant des outils d'inspection et d'évaluation interne - Enbridge Pipelines (Westspur) Inc. pipeline d'un diamètre extérieur de 323,9 mm, gare de réception des racleurs au terminal de Cromer près de Cromer (Manitoba) 23 novembre 2006 |w(CaOODSP)9.606164 |
| 830 | #0|aPipeline investigation report ;|vP06H0061|w(CaOODSP)9.505671 |
| 856 | 40|ahttp://publications.gc.ca|qPDF|s197 KB|uhttps://publications.gc.ca/collections/collection_2013/bst-tsb/TU3-8-06-0061-eng.pdf|yP06H0061 |